00223nam a2200097Ia 4500008004100000041000800041082001400049100002100063245003200084260000900116240625s9999 xx 000 0 und d aeng a658.4 ZIM aDRAFKE MICHAEL W aHUMAN SIDE OF ORGANIZATIONS c2002